000 01246nam a2200325 i 4500
003 EG-GICUC
005 20260121101554.0
008 251230s1977 ua ||||fr|||| 000 0 ara d
017 _a1977/3654
040 _a EG-GICUC
_bara
_c EG-GICUC
_d EG-GICUC
_erda
041 _aara
082 0 4 _221
_a345.6231
_bم ح . أ
092 0 4 _221
099 _aLaw1 07 345.6231 م ح . أ 1977
100 0 _aمحمد عبد الحميد ابوزيد
_eمؤلف.
245 1 0 _aأثر التفويض في الإصلاح الإداري :
_bدراسة مقارنة /
_cدكتور محمد عبدالحميد ابوزيد.
264 1 _aالقاهرة :
_bدار النهضة العربية,
_c1977.
300 _a200 صفحة ؛
_c24 سم
_bإيضاحيات، صور، مثيليات ؛
336 _2rda content
_atext
337 _2rda media
_aComputer
338 _2rda carrier
_aOnline Resource
504 _a. 190-184 ببليوجرافيا: صفحات.
546 _aالنص باللغة العربية
650 1 4 _aالتفويض في الاختصاص
_2qrmak
650 1 4 _aالقانون الإداري
_2qrmak
651 1 _2qrmak
856 4 0 _uhttps://fll.law.cu.edu.eg/fulltext/bks/B07-02162.pdf
905 _a79
942 _2ddc
_cBK
_e21
_n0
999 _c53389
_d53389